00883nam a2200313Ia 4500008004000000041000800040082001600048100002200064245009000086250000500176260005800181300001100239650001100250650000800261650001400269650000800283650001400291650000900305650000700314650000800321650001000329650000900339650000700348650000700355690002100362906001100383999001900394952015600413210210b2019 xxu||||| |||| 00| 0 eng d aeng a342.09 PULK aPULIANI (Yashpal) aKarnataka gram swaraj and panchayat raj act 1993: Karnataka act no. 14 of 1993 Ed 16 a aBangalorebKarnataka Law Journal Publications.,c2019 aiv,697 aswaraj araj apanchayat ano. aKarnataka agram aEd aact a1993: a1993 a16 a14 aLocal Government a074507 c127956d127956 00102ddc40738PSaALbALcRSd2021-02-17eBiblios Book Point, Surathkal-575014g995.00l0o342.09 PULKp074507r2021-02-17 00:00:00w2021-02-17yREF